Biggest cities on Lac Léman/Lake Geneva - Statistics

General Stats
  • This quiz has been taken 25 times
  • The average score is 7 of 10
Answer Stats
France or Switzerland Population Answer % Correct
Switzerland ~204,000 Geneva
100%
Switzerland ~139,100 Lausanne
100%
Switzerland ~23,400 Nyon
84%
Switzerland ~17,300 Vevey
84%
Switzerland ~26,000 Montreux
79%
Switzerland ~17,800 Morges
68%
Switzerland ~13,300 Versoix
68%
France ~37,700 Thonon-les-Bains
63%
Switzerland ~10,800 Gland
47%
Switzerland ~16,700 Pully
47%
No matching quizzes found
Score Distribution
Percent of People with Each Score
Percentile by Number Answered
Your Score History
You have not taken this quiz